[Event "Gibtelecom Masters 8th"]
[Site "Gibraltar"]
[Date "2010.01.26"]
[Round "1.77"]
[White "Lumsdon, Andrew"]
[Black "Chidi, Lovinia Sylvia"]
[Result "1/2-1/2"]
[WhiteElo "2090"]
[BlackElo "1832"]
[PlyCount "75"]
[EventDate "2010.01.26"]
[EventType "swiss"]
[EventRounds "10"]
[EventCountry "GGB"]
[SourceDate "2005.02.07"]

1. d4 Nf6 2. Nf3 g6 3. e3 Bg7 4. b4 d6 5. Bb2 c6 6. c4 O-O 7. Nbd2 Nbd7 8. Qb3
a5 9. a3 axb4 10. axb4 Rxa1+ 11. Bxa1 c5 12. dxc5 dxc5 13. b5 b6 14. Be2 Bb7
15. O-O Qc7 16. Bc3 Ra8 17. Qb2 Ne8 18. h4 Bxc3 19. Qxc3 Nef6 20. Nh2 Qe5 21Qc1 Ra2 22. Ng4 Nxg4 23. Bxg4 Nf6 24. Bf3 Bxf3 25. Nxf3 Qe4 26. Qd1 Ra8 27. Qe2
Rd8 28. Ra1 Ra8 29. Rxa8+ Qxa8 30. Qd3 Qa1+ 31. Kh2 Qa8 32. Ne5 h5 33. f4 Qc8
34. g3 Ng4+ 35. Nxg4 Qxg4 36. e4 Qe6 37. e5 Kg7 38. Kg2 1/2-1/2

[Event "Gibtelecom Masters 8th"]
[Site "Gibraltar"]
[Date "2010.01.26"]
[Round "1.78"]
[White "Yarur Elsaca, Daniel"]
[Black "Freuler, Roman"]
[Result "0-1"]
[WhiteElo "1815"]
[BlackElo "2082"]
[PlyCount "66"]
[EventDate "2010.01.26"]
[EventType "swiss"]
[EventRounds "10"]
[EventCountry "GGB"]
[SourceDate "2005.02.07"]

1. e4 c5 2. c3 Nf6 3. e5 Nd5 4. d4 e6 5. c4 Nb6 6. d5 d6 7. Nf3 dxe5 8. Nxe5
exd5 9. Nc3 d4 10. Ne4 Qe7 11. f4 f6 12. Bd3 fxe5 13. O-O Nc6 14. f5 Nd7 15Bg5 Nf6 16. Qb3 b6 17. Rae1 Bb7 18. Qb5 O-O-O 19. a3 Qf7 20. Nd2 Bd6 21. Nb3
Rde8 22. h3 Nb8 23. Nd2 h6 24. Bh4 e4 25. Bb1 e3 26. Nb3 Bc6 27. Nxd4 Bxb5 28Nxb5 Qe7 29. Rd1 Be5 30. Rfe1 a6 31. Bxf6 gxf6 32. Nc3 Bxc3 33. bxc3 Rd8 0-1

[Event "Gibtelecom Masters 8th"]
[Site "Gibraltar"]
[Date "2010.01.26"]
[Round "1.79"]
[White "Pienabarca, Nicola"]
[Black "Rough, Robert E"]
[Result "1-0"]
[WhiteElo "2071"]
[BlackElo "1811"]
[PlyCount "87"]
[EventDate "2010.01.26"]
[EventType "swiss"]
[EventRounds "10"]
[EventCountry "GGB"]
[SourceDate "2005.02.07"]

1. d4 Nf6 2. Nf3 e6 3. g3 Bb4+ 4. c3 Be7 5. Bg2 d5 6. O-O O-O 7. c4 c6 8. Qc2
Nbd7 9. Nbd2 h6 10. e4 dxe4 11. Nxe4 Nxe4 12. Qxe4 c5 13. Rd1 cxd4 14. Nxd4 Nf6
15. Qe2 Qb6 16. Nb3 Bd7 17. Be3 Qc7 18. Bf4 Qc8 19. Na5 Bc6 20. Nxc6 bxc6 21Bd6 Re8 22. Qf3 a5 23. Qxc6 Ra7 24. Qxc8 Rxc8 25. Bxe7 Rxe7 26. b3 a4 27. Rd3
Ra7 28. Rad1 Rcc7 29. Rc3 axb3 30. axb3 Ra2 31. Bf3 g5 32. h3 Rb2 33. Rd8+ Kg7
34. Rb8 Rd7 35. c5 Rdd2 36. c6 Rdc2 37. Rxc2 Rxc2 38. b4 e5 39. b5 e4 40. Bg4
Nd5 41. Rd8 Nb6 42. Rd4 Rc5 43. Be2 f5 44. g4 1-0

[Event "Gibtelecom Masters 8th"]
[Site "Gibraltar"]
[Date "2010.01.26"]
[Round "1.81"]
[White "Compton, Alistair"]
[Black "Fox, Pierre"]
[Result "1/2-1/2"]
[WhiteElo "2066"]
[BlackElo "1788"]
[PlyCount "82"]
[EventDate "2010.01.26"]
[EventType "swiss"]
[EventRounds "10"]
[EventCountry "GGB"]
[SourceDate "2005.02.07"]

1. e4 e5 2. Nf3 Nc6 3. Nc3 Nf6 4. d4 Bb4 5. Nxe5 O-O 6. Nxc6 dxc6 7. e5 Re8 8Bg5 c5 9. Bb5 c6 10. O-O Qxd4 11. exf6 gxf6 12. Qxd4 cxd4 13. Bxf6 dxc3 14bxc3 Bxc3 15. Bxc3 cxb5 16. f4 Bf5 17. Rf3 Re6 18. Bd4 Rc8 19. c3 a5 20. h3 h5
21. a3 Kh7 22. Kf2 Rc4 23. Re3 b4 24. axb4 axb4 25. Ra4 b3 26. Rxc4 b2 27. Rb4
b1=Q 28. Rxb1 Bxb1 29. Rf3 f5 30. Rg3 Rg6 31. Re3 Be4 32. g3 Ra6 33. Re2 Ra1
34. g4 Rh1 35. Kg3 hxg4 36. hxg4 Kg6 37. g5 Rf1 38. Bf2 Rc1 39. Be1 Rd1 40. Bf2
Kh5 41. Bd4 Rd3+ 1/2-1/2

[Event "Gibtelecom Masters 8th"]
[Site "Gibraltar"]
[Date "2010.01.26"]
[Round "1.82"]
[White "Valhondo Morales, Ruben"]
[Black "Brown, Thomas"]
[Result "1/2-1/2"]
[WhiteElo "1762"]
[BlackElo "2064"]
[PlyCount "81"]
[EventDate "2010.01.26"]
[EventType "swiss"]
[EventRounds "10"]
[EventCountry "GGB"]
[SourceDate "2005.02.07"]

1. e4 c5 2. Nf3 g6 3. d4 cxd4 4. Nxd4 Nc6 5. Nc3 Bg7 6. Be3 Nf6 7. f3 O-O 8Bc4 Qb6 9. O-O Ng4 10. fxg4 Bxd4 11. Bxd4 Qxd4+ 12. Qxd4 Nxd4 13. Nd5 Nc6 14Bb5 Kg7 15. e5 Nxe5 16. Nxe7 d6 17. Nxc8 Raxc8 18. c3 a6 19. Be2 Rfd8 20. Rf4
Kf8 21. g5 b5 22. a4 bxa4 23. Rfxa4 Rb8 24. R1a2 d5 25. Bxa6 Nc4 26. Bxc4 dxc4
27. Rxc4 Rd1+ 28. Kf2 Rd2+ 29. Kf3 Rdxb2 30. Rxb2 Rxb2 31. Re4 Rc2 32. c4 Kg7
33. h4 f5 34. gxf6+ Kxf6 35. g4 h6 36. Kf4 Rf2+ 37. Ke3 Rh2 38. c5 Rxh4 39. g5+
hxg5 40. c6 Rxe4+ 41. Kxe4 1/2-1/2

[Event "Gibtelecom Masters 8th"]
[Site "Gibraltar"]
[Date "2010.01.26"]
[Round "1.83"]
[White "Jameson, David"]
[Black "Kuenitz, Klaus"]
[Result "1-0"]
[WhiteElo "2053"]
[BlackElo "1755"]
[PlyCount "55"]
[EventDate "2010.01.26"]
[EventType "swiss"]
[EventRounds "10"]
[EventCountry "GGB"]
[SourceDate "2005.02.07"]

1. e4 e6 2. d4 d5 3. Nd2 dxe4 4. Nxe4 Nd7 5. Bd3 Ngf6 6. Qe2 c5 7. Nxf6+ Nxf6
8. dxc5 Bxc5 9. Bd2 Qb6 10. O-O-O Bxf2 11. Nf3 O-O 12. Rhf1 Bc5 13. Ne5 Bd4 14c3 Bxe5 15. Qxe5 Ng4 16. Bxh7+ Kxh7 17. Qh5+ Nh6 18. Bxh6 gxh6 19. Rxf7+ Rxf7
20. Qxf7+ Kh8 21. Qf8+ Kh7 22. Rf1 Qe3+ 23. Kb1 Bd7 24. Rf7+ Kg6 25. Rg7+ Kh5
26. Qf7+ Kh4 27. Qf6+ Kh5 28. g4# 1-0

[Event "Gibtelecom Masters 8th"]
[Site "Gibraltar"]
[Date "2010.01.26"]
[Round "1.84"]
[White "Hirneise, Lothar"]
[Black "Flores Chico, Jorge"]
[Result "0-1"]
[WhiteElo "1707"]
[BlackElo "2052"]
[PlyCount "67"]
[EventDate "2010.01.26"]
[EventType "swiss"]
[EventRounds "10"]
[EventCountry "GGB"]
[SourceDate "2005.02.07"]

1. d4 Nf6 2. c4 g6 3. Nc3 Bg7 4. e4 d6 5. Nf3 O-O 6. Be2 e5 7. O-O Nc6 8. d5
Ne7 9. Ne1 Nd7 10. Nd3 f5 11. f3 a5 12. Be3 f4 13. Bf2 b6 14. Nb5 Nc5 15. Qc2
g5 16. Rfb1 h5 17. b4 Nxd3 18. Bxd3 axb4 19. Rxb4 g4 20. Kf1 Ng6 21. Ke2 g3 22hxg3 fxg3 23. Be3 Nf4+ 24. Bxf4 exf4 25. Rh1 h4 26. Kd2 h3 27. Bf1 h2 28. Kd1
Bd7 29. Be2 Qf6 30. Rb1 Bxb5 31. cxb5 Qd4+ 32. Qd3 Ra3 33. Rb3 Rxa2 34. Rb1 0-1

[Event "Gibtelecom Masters 8th"]
[Site "Gibraltar"]
[Date "2010.01.26"]
[Round "1.85"]
[White "Haraldsson, Leif"]
[Black "Gates, David A"]
[Result "1-0"]
[WhiteElo "2050"]
[BlackElo "1738"]
[PlyCount "95"]
[EventDate "2010.01.26"]
[EventType "swiss"]
[EventRounds "10"]
[EventCountry "GGB"]
[SourceDate "2005.02.07"]

1. f4 d5 2. Nf3 Nf6 3. g3 Nc6 4. Bg2 e6 5. O-O Bc5+ 6. d4 Bb6 7. c3 O-O 8. e3
a5 9. Nh4 Ne7 10. Nd2 c5 11. Kh1 Bd7 12. a4 Bc6 13. b3 Rc8 14. Ba3 cxd4 15cxd4 Re8 16. Rc1 Nf5 17. Qe2 Ba7 18. Bh3 g6 19. Nhf3 Ne4 20. Rg1 Bb8 21. g4
Nfd6 22. Rcf1 b5 23. f5 bxa4 24. fxg6 hxg6 25. Bxd6 Nxd6 26. Qf2 axb3 27. Ne5
Rf8 28. Nxb3 Bb5 29. Ra1 Ne4 30. Qb2 Qh4 31. Nc5 Nf2+ 32. Kg2 Qxh3+ 33. Kxf2
Qxh2+ 34. Rg2 Qh4+ 35. Kf3 Bxe5 36. dxe5 Rxc5 37. Rh2 Qg5 38. Rah1 f5 39. Rh8+
Kf7 40. Rxf8+ Kxf8 41. Rg1 a4 42. Qb4 Qe7 43. gxf5 Be2+ 44. Kf2 gxf5 45. Qb8+
Qe8 46. Qd6+ Qe7 47. Rg8+ Kf7 48. Rg7+ 1-0

[Event "Gibtelecom Masters 8th"]
[Site "Gibraltar"]
[Date "2010.01.26"]
[Round "1.86"]
[White "Hegelund, Ole Jakob"]
[Black "Obiamiwe, Paul"]
[Result "0-1"]
[WhiteElo "1702"]
[BlackElo "2046"]
[PlyCount "78"]
[EventDate "2010.01.26"]
[EventType "swiss"]
[EventRounds "10"]
[EventCountry "GGB"]
[SourceDate "2005.02.07"]

1. e4 c5 2. Nf3 d6 3. d4 cxd4 4. Nxd4 Nf6 5. Nc3 a6 6. h3 e6 7. g4 h6 8. Bg2
Qc7 9. Be3 Nbd7 10. O-O Be7 11. Qd2 Rb8 12. Rfd1 b5 13. f4 Bb7 14. e5 dxe5 15fxe5 Nxe5 16. Bf4 g5 17. Bg3 Nf3+ 18. Kf2 Qxg3+ 19. Kxg3 Nxd2 20. Rxd2 Bxg2 21Kxg2 Rc8 22. a3 O-O 23. Re2 Rfd8 24. Nb3 Bf8 25. Rf1 Nd5 26. Nxd5 Rxd5 27. c3
Bg7 28. Rd2 Rcd8 29. Rff2 Be5 30. Rxd5 Rxd5 31. Kf3 f5 32. Rd2 Rxd2 33. Nxd2
Kf7 34. Nb3 Ke7 35. Ke3 Kd6 36. Na5 Kd5 37. Kd3 Bc7 38. c4+ bxc4+ 39. Nxc4 f4
0-1

[Event "Gibtelecom Masters 8th"]
[Site "Gibraltar"]
[Date "2010.01.26"]
[Round "1.87"]
[White "Cafolla, Peter"]
[Black "Hansen, Erle Andrea Marki"]
[Result "1-0"]
[WhiteElo "2042"]
[BlackElo "1699"]
[PlyCount "79"]
[EventDate "2010.01.26"]
[EventType "swiss"]
[EventRounds "10"]
[EventCountry "GGB"]
[SourceDate "2005.02.07"]

1. d4 f5 2. e4 fxe4 3. Nc3 Nf6 4. Bg5 Nc6 5. f3 e5 6. d5 Nd4 7. Nxe4 Be7 8Bxf6 Bxf6 9. Bd3 d6 10. Ne2 Bh4+ 11. N2g3 O-O 12. O-O Nf5 13. Nxf5 Bxf5 14. Nc3
Qg5 15. Qe2 Qf4 16. Be4 Rf6 17. Rad1 Rh6 18. Bxf5 Qxf5 19. Qe4 Qh5 20. h3 Rg6
21. f4 Bg3 22. Ne2 Qh4 23. Nxg3 Rxg3 24. Qf5 Rg6 25. fxe5 Qe7 26. e6 Rf6 27Qd3 Raf8 28. Rxf6 Rxf6 29. Rf1 Rg6 30. Rf7 Qg5 31. Qf3 Rf6 32. Rxf6 gxf6 33Qg4 Qxg4 34. hxg4 c6 35. c4 Kf8 36. Kf2 Ke7 37. Ke3 b5 38. b3 a5 39. dxc6 Kxe6
40. cxb5 1-0

[Event "Gibtelecom Masters 8th"]
[Site "Gibraltar"]
[Date "2010.01.26"]
[Round "1.88"]
[White "Carlsen, Ingrid Oen"]
[Black "Hamer, Martyn"]
[Result "0-1"]
[WhiteElo "1508"]
[BlackElo "2039"]
[PlyCount "102"]
[EventDate "2010.01.26"]
[EventType "swiss"]
[EventRounds "10"]
[EventCountry "GGB"]
[SourceDate "2005.02.07"]

1. e4 e5 2. Nf3 Nf6 3. Nxe5 d6 4. Nc4 Nxe4 5. Nc3 Nxc3 6. dxc3 Be7 7. Be2 O-8. O-O Be6 9. Bf4 Bg5 10. Bxg5 Qxg5 11. Ne3 Nc6 12. Bf3 Ne7 13. b3 d5 14. Qe2
c6 15. Rad1 Rad8 16. Bg4 Bxg4 17. Qxg4 Qxg4 18. Nxg4 Rfe8 19. Rfe1 Nf5 20. Ne3
Nd6 21. a4 f5 22. f3 Kf7 23. Kf2 h5 24. g3 g5 25. h3 Kf6 26. Rd3 Nf7 27. Ng2
Rxe1 28. Kxe1 Re8+ 29. Re3 Rxe3+ 30. Nxe3 f4 31. Nf1 fxg3 32. Nxg3 h4 33. Ne2
c5 34. Kf2 Kf5 35. Ke3 a5 36. Nc1 Nd8 37. Ne2 Ne6 38. Ng1 Nf4 39. Kf2 d4 40cxd4 cxd4 41. Kf1 Ke5 42. Ke1 Kd5 43. Kd2 Kc5 44. Kd1 Kb4 45. Kd2 b6 46. Kd1
Kc3 47. Kc1 d3 48. cxd3 Kxd3 49. Kd1 Kc3 50. Ne2+ Nxe2 51. Kxe2 Kxb3 0-1

[Event "Gibtelecom Masters 8th"]
[Site "Gibraltar"]
[Date "2010.01.26"]
[Round "1.103"]
[White "Cheparinov, Ivan"]
[Black "Lyell, Mark"]
[Result "1-0"]
[WhiteElo "2660"]
[BlackElo "2224"]
[PlyCount "97"]
[EventDate "2010.01.26"]
[EventType "swiss"]
[EventRounds "10"]
[EventCountry "GGB"]
[SourceDate "2005.02.07"]

1. e4 e5 2. Nf3 Nc6 3. Bb5 f5 4. d3 fxe4 5. dxe4 Nf6 6. O-O Bc5 7. Qd3 Qe7 8Nc3 a6 9. Ba4 Nd4 10. Nxd4 Bxd4 11. Bg5 c6 12. Ne2 Bc5 13. Ng3 d6 14. Kh1 O-15. Nh5 Qe8 16. Bb3+ Kh8 17. Nxf6 Qg6 18. Nxh7 Kxh7 19. f4 Bg4 20. Qg3 Qh5 21h3 Be2 22. f5 Bxf1 23. Rxf1 Rae8 24. c3 d5 25. Bd1 Bf2 26. Bxh5 Bxg3 27. Bxe8
Rxe8 28. Rf3 Bf4 29. Bxf4 dxe4 30. Rf1 exf4 31. Rxf4 e3 32. Rf1 Kh6 33. Kh2 Kg5
34. Kg3 Rd8 35. h4+ Kf6 36. Kf3 Rd2 37. g4 Rxb2 38. Kxe3 Rxa2 39. g5+ Ke7 40Kf4 Ra4+ 41. Kg3 Rc4 42. Rf3 a5 43. h5 Kf7 44. f6 gxf6 45. Rxf6+ Kg8 46. h6 Re4
47. g6 Re8 48. Kg4 a4 49. Kg5 1-0

[Event "Gibtelecom Masters 8th"]
[Site "Gibraltar"]
[Date "2010.01.26"]
[Round "1.104"]
[White "Vea, Odin Blikra"]
[Black "Shankland, Samuel L"]
[Result "0-1"]
[WhiteElo "2189"]
[BlackElo "2491"]
[PlyCount "76"]
[EventDate "2010.01.26"]
[EventType "swiss"]
[EventRounds "10"]
[EventCountry "GGB"]
[SourceDate "2005.02.07"]

1. d4 Nf6 2. Nf3 g6 3. Bf4 Bg7 4. e3 d6 5. h3 O-O 6. Be2 b6 7. O-O Bb7 8. Nbd2
Nbd7 9. c3 h6 10. Bh2 Kh7 11. Bd3 Qe8 12. Qe2 a6 13. Nc4 Nh5 14. Nh4 Kg8 15. g4
Nhf6 16. f4 e6 17. e4 Bxe4 18. Rae1 d5 19. Nd2 Qd8 20. Ng2 c5 21. Kh1 cxd4 22cxd4 Bxd3 23. Qxd3 Ne4 24. Nxe4 dxe4 25. Qxe4 Nf6 26. Qe3 Re8 27. Rd1 Qd5 28b3 Rac8 29. Rc1 h5 30. g5 Ne4 31. Bg1 Nd6 32. Qd3 Nf5 33. Kh2 Bxd4 34. Bxd4
Nxd4 35. Qxa6 Ra8 36. Qc4 Rxa2 37. Qxd5 exd5 38. Rcd1 Ree2 0-1

[Event "Gibtelecom Masters 8th"]
[Site "Gibraltar"]
[Date "2010.01.26"]
[Round "1.106"]
[White "Sedina, Elena"]
[Black "Weber, Francois"]
[Result "1-0"]
[WhiteElo "2335"]
[BlackElo "2149"]
[PlyCount "53"]
[EventDate "2010.01.26"]
[EventType "swiss"]
[EventRounds "10"]
[EventCountry "GGB"]
[SourceDate "2005.02.07"]

1. e4 e5 2. Nf3 Nc6 3. Nc3 Nf6 4. g3 d5 5. exd5 Nxd5 6. Bg2 Be6 7. O-O Be7 8Re1 Nxc3 9. bxc3 Bf6 10. Ba3 Qd7 11. Rb1 O-O-O 12. Qe2 Na5 13. Nxe5 Qa4 14. Bb4
c6 15. Qe3 Bxe5 16. Qxa7 Bc7 17. Bxa5 Qxa5 18. Qxb7+ Kd7 19. Qxc6+ Ke7 20. Rb5
Rd6 21. Qb7 Qxb5 22. Qxb5 Rb8 23. Qe2 Kf8 24. d4 Re8 25. Qd3 g6 26. c4 Kg7 27d5 1-0

[Event "Gibtelecom Masters 8th"]
[Site "Gibraltar"]
[Date "2010.01.26"]
[Round "1.107"]
[White "Molina, Antonio"]
[Black "Kantans, Toms"]
[Result "1-0"]
[WhiteElo "2148"]
[BlackElo "2303"]
[PlyCount "61"]
[EventDate "2010.01.26"]
[EventType "swiss"]
[EventRounds "10"]
[EventCountry "GGB"]
[SourceDate "2005.02.07"]

1. d4 e6 2. c4 b6 3. e4 Bb7 4. Nc3 Bb4 5. f3 f5 6. exf5 Nh6 7. fxe6 O-O 8. Be3
dxe6 9. Qd2 Nf5 10. O-O-O Nc6 11. Nge2 Na5 12. Ng3 Nd6 13. b3 Qf6 14. Kb2 Nf7
15. a3 Bd6 16. Nce4 Qe7 17. c5 Bxg3 18. hxg3 e5 19. Qc2 Rfd8 20. b4 exd4 21Bxd4 Nc6 22. Bc3 Rxd1 23. Qxd1 Nce5 24. Qc2 a5 25. Rh5 axb4 26. Bxb4 Nc6 27Bc4 Nxb4 28. axb4 g6 29. Rh4 Kg7 30. Bxf7 Bxe4 31. Qc3+ 1-0

[Event "Gibtelecom Masters 8th"]
[Site "Gibraltar"]
[Date "2010.01.26"]
[Round "1.108"]
[White "Meskovs, Nikita"]
[Black "Daoudi, Kamal"]
[Result "0-1"]
[WhiteElo "2264"]
[BlackElo "2142"]
[PlyCount "122"]
[EventDate "2010.01.26"]
[EventType "swiss"]
[EventRounds "10"]
[EventCountry "GGB"]
[SourceDate "2005.02.07"]

1. d4 Nf6 2. c4 e6 3. Nc3 d5 4. cxd5 exd5 5. Bg5 Nbd7 6. e3 Be7 7. Bd3 c6 8Qc2 Nh5 9. Bxe7 Qxe7 10. Nge2 g6 11. Rc1 Nb6 12. a3 Be6 13. Na4 f6 14. Nc5 Bf7
15. g4 Ng7 16. h4 Nc4 17. Nf4 O-O-O 18. b3 Nd6 19. h5 g5 20. Ne2 h6 21. Ng3 Kb8
22. Qe2 Ne6 23. b4 Rhe8 24. Kf1 Nxc5 25. bxc5 Ne4 26. Bxe4 dxe4 27. Nf5 Qf8 28Rb1 Be6 29. Qa6 Qf7 30. Qxc6 Bxf5 31. gxf5 Re7 32. Qa4 Qd5 33. Qa5 Rg8 34. Qa6
Qxf5 35. Qd6+ Rc7 36. Ke1 g4 37. Rf1 Kc8 38. Rg1 Rc6 39. Qg3 Qxh5 40. Qf4 Re6
41. Kd2 Qg5 42. Rh1 h5 43. Rb3 f5 44. Qh2 Rd8 45. Kc3 Rh8 46. Kc2 Qf6 47. Rhb1
Rh7 48. Rb5 f4 49. d5 Re5 50. c6 Rxd5 51. Rxd5 Qxc6+ 52. Kb2 Qxd5 53. Qxf4 b6
54. Rc1+ Kb7 55. Rd1 Qb5+ 56. Ka1 Qa4 57. Rd4 Qxa3+ 58. Kb1 Qb3+ 59. Ka1 Re7
60. Rd8 Qa3+ 61. Kb1 Qb4+ 0-1

[Event "Gibtelecom Masters 8th"]
[Site "Gibraltar"]
[Date "2010.01.26"]
[Round "1.109"]
[White "Mortensen, Henrik"]
[Black "Ortega Valle, Jose Ramon"]
[Result "1-0"]
[WhiteElo "2015"]
[BlackElo "2054"]
[PlyCount "101"]
[EventDate "2010.01.26"]
[EventType "swiss"]
[EventRounds "10"]
[EventCountry "GGB"]
[SourceDate "2005.02.07"]

1. e4 g6 2. d4 Bg7 3. Nc3 a6 4. Be3 b5 5. Qd2 Bb7 6. f3 d6 7. a4 b4 8. Nd1 a5
9. c3 bxc3 10. Nxc3 Na6 11. Bc4 Nf6 12. Bh6 O-O 13. Bxg7 Kxg7 14. h4 h5 15. g4
Rh8 16. g5 Nd7 17. Nge2 Nb4 18. O-O Nb6 19. Bb3 Qd7 20. Qf4 Rhf8 21. Rad1 Ba6
22. Qh2 Bc4 23. Bxc4 Nxc4 24. Ra1 Nxb2 25. Nf4 N2d3 26. Nxd3 Nxd3 27. Qd2 Nb4
28. d5 c5 29. Ra3 Qh3 30. Qh2 Qxh2+ 31. Kxh2 Rab8 32. Nb5 Nc2 33. Rc3 Nb4 34Kg3 Rfc8 35. Kf2 f6 36. gxf6+ Kxf6 37. f4 Rb6 38. Rg1 Rg8 39. Rcg3 c4 40. Ke3
Nd3 41. Rg5 Nc5 42. f5 Nxa4 43. fxg6 Kg7 44. Nd4 Rb3+ 45. Nxb3 cxb3 46. Rxh5
Rb8 47. Rh7+ Kg8 48. Rh5 b2 49. g7 Kf7 50. g8=Q+ Rxg8 51. Rf5+ 1-0

[Event "Gibtelecom Masters 8th"]
[Site "Gibraltar"]
[Date "2010.01.27"]
[Round "2.1"]
[White "Cmilyte, Viktorija"]
[Black "Movsesian, Sergei"]
[Result "1/2-1/2"]
[WhiteElo "2489"]
[BlackElo "2708"]
[PlyCount "62"]
[EventDate "2010.01.26"]
[EventType "swiss"]
[EventRounds "10"]
[EventCountry "GGB"]
[SourceDate "2005.02.07"]

1. d4 Nf6 2. c4 e6 3. Nc3 Bb4 4. Qc2 O-O 5. a3 Bxc3+ 6. Qxc3 d5 7. Nf3 dxc4 8Qxc4 b6 9. Bg5 Ba6 10. Qc2 Nbd7 11. Rd1 h6 12. Bxf6 Nxf6 13. e3 Bxf1 14. Kxf1
Qd5 15. Ke2 Rac8 16. Rc1 c5 17. dxc5 Rxc5 18. Qd2 Qxd2+ 19. Nxd2 Rfc8 20. Nb3
Rxc1 21. Rxc1 Rxc1 22. Nxc1 Kf8 23. Nd3 Nd7 24. e4 Ke7 25. Ke3 e5 26. g3 Kd6
27. b3 Nc5 28. Nxc5 Kxc5 29. Kd3 b5 30. b4+ Kd6 31. Ke3 f6 1/2-1/2

[Event "Gibtelecom Masters 8th"]
[Site "Gibraltar"]
[Date "2010.01.27"]
[Round "2.2"]
[White "Vallejo Pons, Francisco"]
[Black "Carlsson, Pontus"]
[Result "1-0"]
[WhiteElo "2705"]
[BlackElo "2476"]
[PlyCount "73"]
[EventDate "2010.01.26"]
[EventType "swiss"]
[EventRounds "10"]
[EventCountry "GGB"]
[SourceDate "2005.02.07"]

1. e4 c5 2. Nf3 d6 3. d4 cxd4 4. Nxd4 Nf6 5. Nc3 g6 6. Be3 Bg7 7. f3 O-O 8. Qd2
Nc6 9. g4 Be6 10. Nxe6 fxe6 11. O-O-O Ne5 12. Be2 Rc8 13. Nb5 Qd7 14. Nd4 Nc4
15. Bxc4 Rxc4 16. Kb1 Rfc8 17. c3 b5 18. Rc1 a5 19. h4 b4 20. cxb4 Rxb4 21. a3
Rbc4 22. Rxc4 Rxc4 23. Qxa5 Rc5 24. Qb4 Kf7 25. Rd1 Qc8 26. Nxe6 Qxe6 27. Bxc5
dxc5 28. Qb5 c4 29. e5 Ne8 30. f4 c3 31. Qd5 Nc7 32. Qxe6+ Kxe6 33. a4 Nd5 34a5 h5 35. g5 cxb2 36. a6 Nb6 37. Rd8 1-0

[Event "Gibtelecom Masters 8th"]
[Site "Gibraltar"]
[Date "2010.01.27"]
[Round "2.4"]
[White "Kamsky, Gata"]
[Black "Arakhamia-Grant, Ketevan"]
[Result "1-0"]
[WhiteElo "2693"]
[BlackElo "2470"]
[PlyCount "63"]
[EventDate "2010.01.26"]
[EventType "swiss"]
[EventRounds "10"]
[EventCountry "GGB"]
[SourceDate "2005.02.07"]

1. e4 c5 2. Nf3 g6 3. c4 Nc6 4. d4 cxd4 5. Nxd4 Nf6 6. Nc3 Nxd4 7. Qxd4 d6 8Be2 Bg7 9. O-O O-O 10. Qd3 Be6 11. Bd2 Nd7 12. b3 Ne5 13. Qg3 Nc6 14. Rac1 Nd4
15. Bd3 a6 16. Nd5 b5 17. Rfe1 Ra7 18. h4 Kh8 19. Qe3 Bxd5 20. exd5 e5 21. dxe6
fxe6 22. Qe4 bxc4 23. bxc4 Raf7 24. h5 Rxf2 25. Be3 Qf6 26. h6 Bxh6 27. Bxd4 e5
28. Be3 Bxe3 29. Qxe3 Rxa2 30. Rf1 Qe7 31. Rxf8+ Qxf8 32. c5 1-0

[Event "Gibtelecom Masters 8th"]
[Site "Gibraltar"]
[Date "2010.01.27"]
[Round "2.5"]
[White "Siebrecht, Sebastian"]
[Black "Fressinet, Laurent"]
[Result "0-1"]
[WhiteElo "2468"]
[BlackElo "2670"]
[PlyCount "78"]
[EventDate "2010.01.26"]
[EventType "swiss"]
[EventRounds "10"]
[EventCountry "GGB"]
[SourceDate "2005.02.07"]

1. d4 d5 2. c4 c6 3. Nc3 Nf6 4. Nf3 e6 5. Qd3 dxc4 6. Qxc4 b5 7. Qd3 Nbd7 8. g3
Bb7 9. Bg2 a6 10. O-O c5 11. b3 Qb6 12. Be3 Be7 13. Rac1 O-O 14. dxc5 Bxc5 15Bxc5 Nxc5 16. Qd4 b4 17. Nd1 Rac8 18. Ne3 Nfe4 19. Nc4 Qc7 20. Qb2 Nc3 21. Rc2
a5 22. Re1 Rfd8 23. Rd2 Ba6 24. Rxd8+ Rxd8 25. Nfd2 N5a4 26. Qc2 Nb6 27. Be4
Nxc4 28. Nxc4 Bxc4 29. bxc4 Qxc4 30. Bxh7+ Kh8 31. Bd3 Qxa2 32. Qc1 Rxd3 33exd3 Ne2+ 34. Rxe2 Qxe2 35. Qc8+ Kh7 36. Qd8 Qd1+ 37. Kg2 Qh5 38. f3 b3 39. g4
Qd5 0-1

[Event "Gibtelecom Masters 8th"]
[Site "Gibraltar"]
[Date "2010.01.27"]
[Round "2.6"]
[White "Zhukova, Natalia"]
[Black "Cheparinov, Ivan"]
[Result "1/2-1/2"]
[WhiteElo "2462"]
[BlackElo "2660"]
[PlyCount "195"]
[EventDate "2010.01.26"]
[EventType "swiss"]
[EventRounds "10"]
[EventCountry "GGB"]
[SourceDate "2005.02.07"]

1. d4 Nf6 2. c4 g6 3. f3 Bg7 4. e4 d6 5. Nc3 O-O 6. Bg5 c5 7. d5 a6 8. a4 h6 9Be3 e6 10. Qd2 exd5 11. cxd5 Re8 12. Nge2 Nbd7 13. Nd1 Ne5 14. Nec3 Nh5 15Bxh6 Qh4+ 16. Nf2 Bxh6 17. Qxh6 f5 18. Qd2 f4 19. O-O-O b5 20. axb5 Qd8 21. Be2
axb5 22. g4 Ng7 23. Qxf4 b4 24. Nb1 c4 25. Qe3 c3 26. f4 cxb2+ 27. Kd2 Nd7 28h4 Nc5 29. h5 gxh5 30. f5 Ra3 31. Qh6 Nxe4+ 32. Nxe4 Rxe4 33. f6 Qc7 34. Qxg7+
Qxg7 35. fxg7 Rg3 36. Rdg1 Rxg1 37. Rxg1 hxg4 38. Bd3 Re5 39. Kc2 Kxg7 40. Bc4
Kf6 41. Nd2 Bb7 42. Rxg4 Bxd5 43. Bd3 b3+ 44. Kxb2 Re3 45. Bb5 Be6 46. Ra4 Rh3
47. Ra6 Ke5 48. Nc4+ Kd4 49. Rxd6+ Kc5 50. Rxe6 Kxb5 51. Ne3 Kc5 52. Re4 Rg3
53. Kxb3 Rh3 54. Kc3 Rg3 55. Re5+ Kd6 56. Kd4 Rg1 57. Nc4+ Kd7 58. Rh5 Rd1+ 59Kc5 Ke6 60. Rh6+ Kf5 61. Ne3+ Kg5 62. Rh8 Ra1 63. Kd4 Kf6 64. Nd5+ Kf5 65. Rf8+
Kg6 66. Ke4 Re1+ 67. Ne3 Kg7 68. Rf3 Ra1 69. Ke5 Ra5+ 70. Nd5 Kg6 71. Rf1 Kg7
72. Rb1 Kf7 73. Rb6 Kg7 74. Rd6 Ra1 75. Rd7+ Kf8 76. Rb7 Re1+ 77. Kf5 Rf1+ 78Nf4 Ke8 79. Ke6 Re1+ 80. Kd6 Rd1+ 81. Nd5 Kf8 82. Rb3 Kf7 83. Rf3+ Kg7 84. Ke6
Re1+ 85. Ne3 Re2 86. Rg3+ Kf8 87. Kf6 Ra2 88. Nf5 Ra6+ 89. Ke5 Ra1 90. Rb3 Ra5+
91. Ke6 Ra6+ 92. Nd6 Kg7 93. Rg3+ Kh6 94. Rg1 Kh5 95. Kf5 Ra5+ 96. Kf4 Ra4+ 97Ne4 Kh6 98. Kf5 1/2-1/2

[Event "Gibtelecom Masters 8th"]
[Site "Gibraltar"]
[Date "2010.01.27"]
[Round "2.7"]
[White "Fridman, Daniel"]
[Black "Zatonskih, Anna"]
[Result "1-0"]
[WhiteElo "2654"]
[BlackElo "2466"]
[PlyCount "75"]
[EventDate "2010.01.26"]
[EventType "swiss"]
[EventRounds "10"]
[EventCountry "GGB"]
[SourceDate "2005.02.07"]

1. d4 Nf6 2. Bg5 e6 3. Nf3 c5 4. e3 h6 5. Bh4 b6 6. c4 cxd4 7. exd4 Be7 8. Bd3
Bb7 9. O-O O-O 10. Nc3 d5 11. Ne5 dxc4 12. Bxc4 Nbd7 13. Re1 Rc8 14. Bb3 Nxe5
15. dxe5 Nd7 16. Bg3 Nc5 17. Bc2 a6 18. Qe2 Re8 19. Rac1 Bh4 20. Rcd1 Qe7 21Rd6 Bxg3 22. hxg3 b5 23. a3 Nd7 24. Red1 Nf8 25. Be4 Rc5 26. f4 Rec8 27. Kh2
Rc4 28. Qf3 Bxe4 29. Nxe4 Qa7 30. Rd8 Rxd8 31. Rxd8 Rc1 32. Nf2 Rc2 33. Qd3 Qc7
34. Ne4 Rxb2 35. Qd6 Qxd6 36. exd6 Rb1 37. d7 Rd1 38. Nc5 1-0